Probability and statistics / (Record no. 759108)

MARC details
000 -LEADER
fixed length control field 00342nam a2200133 4500
020 ## - INTERNATIONAL STANDARD BOOK NUMBER
ISBN 9789360610494
082 ## - DEWEY DECIMAL CLASSIFICATION NUMBER
Classification number 519.5
Item number MAM.P
084 ## - OTHER CLASSIFICATION NUMBER
Source of Number Colon Classification
245 ## - TITLE STATEMENT
Title Probability and statistics /
Statement of responsibility, etc Mamta Yadav
260 ## - PUBLICATION, DISTRIBUTION, ETC. (IMPRINT)
Place of publication New Delhi :
Name of publisher Pinakin publishing,
Year of publication 2024.
300 ## - PHYSICAL DESCRIPTION
Number of Pages 263p.
942 ## - ADDED ENTRY ELEMENTS (KOHA)
Source of classification or shelving scheme Dewey Decimal Classification
Koha item type Book
Holdings
Withdrawn status Lost status Source of classification or shelving scheme Damaged status Not for loan Home Library Current Location Date acquired Full call number Accession Number Price effective from Koha item type
    Dewey Decimal Classification     Campus Library Kariavattom Campus Library Kariavattom 27/04/2026 519.5 MAM.P UCL35588 27/04/2026 Book